00249nam a2200097Ia 4500008004100000020001400041100001800055245002800073260003100101300001900132180517s9999 xx 000 0 und d a670894184 aTawni O' Dell aBack roads :ba novel / aUSA :bPenguin groupc2000 avii, 338 pages